000 00520pab a2200169 454500
008 180718b1998 xxu||||| |||| 00| 0 eng d
100 _aTelang, M.V.
245 _aSustainable model for planning, development and management of regions and their capitals: role of geographical information systems
260 _c1998
300 _ap.117-24
650 _aRegionalism
650 _aRegional planning
700 _aNayak, G.C.
700 _aTayal, N.K.
773 _aIndian Journal of Regional Science
909 _a38370
999 _c38370
_d38370